Overcoming human poverty / (Record no. 22380)

000 -LEADER
fixed length control field 00397cam a2200157Ia 4500
020 ## - INTERNATIONAL STANDARD BOOK NUMBER
ISBN 9211261058
040 ## - CATALOGING SOURCE
Transcribing agency MIA
082 ## - DEWEY DECIMAL CLASSIFICATION NUMBER
Classification number 333 OVE 1998 C284 Or.
245 00 - TITLE STATEMENT
Title Overcoming human poverty /
300 ## - PHYSICAL DESCRIPTION
Number of Pages 94 pages :
Other physical details illustrations ;
Dimensions 28 cm
490 1# - SERIES STATEMENT
Series statement UNDP poverty report ;
650 #0 - SUBJECT ADDED ENTRY--TOPICAL TERM
Topical Term Poverty.
650 #0 - SUBJECT ADDED ENTRY--TOPICAL TERM
Topical Term Poverty
710 2# - ADDED ENTRY--CORPORATE NAME
Corporate name or jurisdiction name as entry element United Nations Development Programme.
942 ## - ADDED ENTRY ELEMENTS (KOHA)
Koha item type ADB
952 ## - LOCATION AND ITEM INFORMATION (KOHA)
Withdrawn status [LOCAL, KOHA] 0
Holdings
Permanent Location Date acquired Koha item type Lost status Shelving location Barcode Current Location Full call number
Library Block C2023-12-11ADB C284a16425Library Block C333 OVE 1998 C284 Or.
មជ្ឈមណ្ឌលឯការនៃសាកលវិទ្យាល័យភូមិន្ទកសិកម្មចំការដូង

Powered by Koha